Представление документа в формате MARC21

Поле Инд. ПП Название Значение
Тип записи a
Библиографический уровень m
001 Контрольный номер 89b32b28-1cbe-43fb-b904-9d08135a3cde
005 Дата корректировки 20131111174321.8
008 Кодируемые данные 981112 d
020 a ISBN 5-86646-046-7
c Цена, тираж 3 000-00
080 a Индекс УДК 947.0
084 a Индекс другой классификации/Индекс ББК Т3(2)523-532.2
a Индекс другой классификации/Индекс ББК Т3(2)524.19-532.2
090 x Авторский знак В55
a Полочн. индекс Т3(2)52
100 1_ a Автор Вишневски Эдвард
245 00 a Заглавие Либеральная оппозиция в России накануне первой мировой войны
c Ответственность Послесл. К.Ф. Шацилло; ,Ассоц. исследователей рос. общества ХХ в
260 0_ a Место издания Москва
b Издательство Изд. центр "Россия молодая"
c Дата издания 1993
300 a Объем 189,[2] с.
440 a Серия Первая моногр. / Под ред. Г.А. Бордюгова
504 a Библиография Библиогр. в примеч. в конце глав
650 a Основная рубрика Либеральные партии
x Основная подрубрика История
y Хронологическая подрубрика 20 в.
z Географическая подрубрика Россия
650 a Основная рубрика Государственная дума
653 a Ключевые слова История России
a Ключевые слова Либерализм в России
a Ключевые слова Либеральные партии
a Ключевые слова Государственная дума
852 t Порядковый номер экземпляра 1
p Инвентарный номер 660510
952 c Вид литературы К рн
954 a Дата поступления на обработку 17.10.95
999 a Подразделение 2 аб.